000 00302nam a22001337a 4500
008 170614b xxu||||| |||| 00| 0 eng d
020 _a0314852247
041 _aeng
080 _a327
100 _a19
101 _aSHP
245 _aCONTEMPORARY INTERNATIONAL POLITICS
_cCANTOR,R.D
942 _2udc
_cBK
999 _c17288
_d17288